Data Science for Beginners : (Record no. 36941)

MARC details
000 -LEADER
fixed length control field 00600nam a22001697a 4500
005 - DATE AND TIME OF LATEST TRANSACTION
control field 20250624095147.0
008 - FIXED-LENGTH DATA ELEMENTS--GENERAL INFORMATION
fixed length control field 250624b |||||||| |||| 00| 0 eng d
020 ## - INTERNATIONAL STANDARD BOOK NUMBER
ISBN 9798645845551
082 ## - DEWEY DECIMAL CLASSIFICATION NUMBER
Classification number 005.8
Item number PAR-D
100 ## - MAIN ENTRY--AUTHOR
Author Name Park, Andrew
245 ## - TITLE STATEMENT
Title Data Science for Beginners :
Remainder of title : Python Programming, Data Analysis, Machine Learning. A Complete Overview to Master The Art of Data Science From Scratch Using Python for Business /
Statement of responsibility, etc. Andrew Park
260 ## - PUBLICATION, DISTRIBUTION, ETC.
Place of Publication USA:
Name of publisher, distributor, etc. Elsevier;
Date of publication, distribution, etc. 2020.
300 ## - PHYSICAL DESCRIPTION
Pages xiv, 320 p. :
500 ## - GENERAL NOTE
General note include index.
650 ## - SUBJECT ADDED ENTRY--TOPICAL TERM
Subject / Department DataScience
300 ## - PHYSICAL DESCRIPTION
-- ill;
-- 24 cm.
952 ## - LOCATION AND ITEM INFORMATION (KOHA)
-- 0
-- 0
952 ## - LOCATION AND ITEM INFORMATION (KOHA)
-- 0
-- 0
952 ## - LOCATION AND ITEM INFORMATION (KOHA)
-- 0
-- 0
952 ## - LOCATION AND ITEM INFORMATION (KOHA)
-- 0
-- 0
Holdings
Lost status Damaged status Collection code Permanent Location Current Location Shelving Location Date acquired Full Call Number Accession No./Barcode Date last seen Copy number item type Koha item type
    CS/IT Superior Information Resource Center (SIRC) Superior University- Gold Campus Superior Information Resource Center (SIRC) Superior University- Gold Campus Data Science 06/24/2025 005.8 PAR-D 2020 30229 06/24/2025 1 BOOK BOOK
    CS/IT Superior Information Resource Center (SIRC) Superior University- Gold Campus Superior Information Resource Center (SIRC) Superior University- Gold Campus Data Science 06/24/2025 005.8 PAR-D 2020 30230 06/24/2025 2 BOOK BOOK
    CS/IT Superior Information Resource Center (SIRC) Superior University- Gold Campus Superior Information Resource Center (SIRC) Superior University- Gold Campus Data Science 07/15/2025 005.8 PAR-D 2020 30338 07/15/2025 3 BOOK BOOK
    CS/IT Superior Information Resource Center (SIRC) Superior University- Gold Campus Superior Information Resource Center (SIRC) Superior University- Gold Campus Data Science 07/15/2025 005.8 PAR-D 2020 30339 07/15/2025 4 BOOK BOOK

Powered by Koha